000 00671nam a2200253Ia 4500
003 OSt
005 20221007101442.0
006 a|||||r|||| 00| 0
007 ta
008 221006b |||||||| |||| 00| 0 eng d
024 _a6,493
037 _cTextual
040 _aLCO
_cLCO
_beng
041 _2eng
_aeng
082 _aZ2,98:1, L3
100 _aJhabvala Noshirvan H.
_9101170
245 0 _aDrafting,Pleading and Professional Ethics
250 _a4th
260 _aBombay
_bC. Jamnadas & Co. India
_c1973
300 _a164
650 _aDRAFTING
_9703021
942 _hZ2,98:1, L3
_cTEXL
999 _c1176056
_d1176056